000 00333pam a2200157a 44500
008 230515b1932 xxu||||| |||| 00| 0 eng d
020 _aNULL
041 _aMARATHI
082 _a1
100 _aMS
245 _aMANAVDHARMSHATRAM
250 _a1
260 _aSANGAI
_bN.D.
_c1932
300 _a100
650 _aMANAVDHARMSHATRAM
999 _c497005
_d497005